000
00309nam a2200109Ia 4500
008
200302s9999 xx 000 0 und d
100
_a
Caroline Lin Scott
245
_a
Walter Foster : How To Draw & Paint - Landscape(Water Color 1)
260
_b
Walter Foster Publishing Inc.,
260
_c
2010
300
_a
31 P
999
_c
4972
_d
4972